The skeletal system (Record no. 419073)

MARC details
000 -LEADER
fixed length control field 00489nam a2200181Ia 4500
008 - FIXED-LENGTH DATA ELEMENTS--GENERAL INFORMATION
fixed length control field 191130s2009##################000#0#eng##
020 ## - INTERNATIONAL STANDARD BOOK NUMBER
ISBN 9780879698256
082 ## - DEWEY DECIMAL CLASSIFICATION NUMBER
Classification number 611.71 POU
100 ## - MAIN ENTRY--AUTHOR NAME
Personal name Pourquie, Olivier
245 ## - TITLE STATEMENT
Title The skeletal system
Statement of responsibility, etc Olivier Pourquie
260 ## - PUBLICATION, DISTRIBUTION, ETC. (IMPRINT)
Place of publication New York
Name of publisher Cold Spring Harbor Laboratory Press
Year of publication 2009
300 ## - PHYSICAL DESCRIPTION
Number of Pages 365 p
650 ## - SUBJECT ADDED ENTRY--TOPICAL TERM
Topical Term Medicine
991 ## -
-- 62818

No items available.

Find us on the map